| 000 | 00653nam a2200181 i 4500 | ||
|---|---|---|---|
| 001 | 90778 | ||
| 003 | ES-MaACL | ||
| 005 | 20230906180547.0 | ||
| 007 | t| | ||
| 008 | 050124s1963 sp ||||1| spa d | ||
| 100 | 1 |
_aLeclercq, Jacques. _971094 |
|
| 245 | 1 | 0 |
_aLo que hay que saber / _cadaptación-selección de la obra de Jacques Leclercq. Valores cristianos para jóvenes campesinos rurales / por José Martín-Poyatos. |
| 260 |
_aSan Sebastián : _bDinor, _c1963. |
||
| 300 |
_a221 p. ; _c17 cm. |
||
| 700 | 1 |
_aMartín-Poyatos, José. _977613 |
|
| 740 | 0 | _aValores cristianos para jóvenes campesinos rurales. | |
| 852 |
_aES-MaACL _jF-3575 _bR.53791 |
||
| 999 |
_c90778 _d90778 |
||